| 000 | 00461nam a22001697a 4500 | ||
|---|---|---|---|
| 005 | 20260318124311.0 | ||
| 008 | 260318b |||||||| |||| 00| 0 eng d | ||
| 037 | _cDSWL | ||
| 040 |
_aDSWL _cDSWL |
||
| 041 | _heng | ||
| 245 | _aWomen and empowerment | ||
| 260 |
_aChandigarh, _bUnistar, _c2005 |
||
| 300 | _a304p | ||
| 700 |
_aManjit Singh Ed. _91132455 |
||
| 942 |
_2CC _cTEXL _n0 |
||
| 999 |
_c1715691 _d1715691 |
||